| 000 | 00834nas a22002417a 4500 | ||
|---|---|---|---|
| 005 | 20250317153134.0 | ||
| 008 | 250317b1926 ii q|||| |||| 00| 0 eng d | ||
| 040 |
_aNLI _cPeriodical Division |
||
| 044 | _aii | ||
| 082 | 0 | 4 |
_a1149 _223rd ed. |
| 100 | 1 | _6880-01 | |
| 245 | 0 | 0 |
_6880-02 _aMuslim review |
| 260 |
_aCalcutta _bMoslem institute _c1926 |
||
| 300 |
_bplates(part col), facsim _c23cm. |
||
| 310 | _aQuarterly | ||
| 500 | _aPrevious title : Journal of the Muslim Institute 1906-1909. v.1(Jan-Mar); v.2,no.3(Jan-Mar); v.3, no.1(Jul-Sept); v.5no.1&2(Jul-Dec) | ||
| 650 | 0 |
_aGeneral periodicals _91601509 |
|
| 700 | 1 | _6880-03 | |
| 780 | _aJournal of the Muslim Institute 1906-1909 | ||
| 852 |
_aBB _cEnglish Periodical Reading Room and Stack |
||
| 880 | 1 | _6100-01 | |
| 942 |
_cSER _h1149 _kPP _2ddc |
||
| 999 |
_c1658024 _d1657993 |
||